| Tag |
First Indicator |
Second Indicator |
Subfields |
| LEADER |
00000cam a2200000 a 4500 |
| 001 |
in00000017951 |
| 005 |
20210510122121.0 |
| 008 |
870925t19881988nyua 000 p eng |
| 010 |
|
|
|a 87027517
|
| 035 |
|
|
|a (OCoLC)ocm16901393
|
| 035 |
|
|
|9 AAB0430AM
|
| 040 |
|
|
|a DLC
|b eng
|c DLC
|d BAKER
|d BTCTA
|d LVB
|d YDXCP
|d OCLCO
|d OCLCF
|d OCLCQ
|d OCLCO
|d SFR
|d PX9
|d OCLCQ
|d CPO
|d INT
|d OCLCQ
|d GFK
|d GZM
|d OCLCO
|d TXA
|
| 020 |
|
|
|a 0312014724
|
| 020 |
|
|
|a 9780312014728
|
| 020 |
|
|
|a 0312026021
|
| 020 |
|
|
|a 9780312026028
|
| 035 |
|
|
|a (OCoLC)16901393
|
| 050 |
0 |
0 |
|a PS3563.O523
|b L65 1988
|
| 082 |
0 |
0 |
|a 811/.54
|2 19
|
| 049 |
|
|
|a TXAM
|
| 100 |
1 |
|
|a Monette, Paul,
|e author.
|
| 245 |
1 |
0 |
|a Love alone :
|b 18 elegies for Rog /
|c by Paul Monette.
|
| 250 |
|
|
|a First edition.
|
| 264 |
|
1 |
|a New York :
|b St. Martin's Press,
|c [1988]
|
| 300 |
|
|
|a xiii, 65 pages :
|b illustrations ;
|c 25 cm
|
| 336 |
|
|
|a text
|b txt
|2 rdacontent
|
| 337 |
|
|
|a unmediated
|b n
|2 rdamedia
|
| 338 |
|
|
|a volume
|b nc
|2 rdacarrier
|
| 505 |
0 |
|
|a Here -- No goodbyes -- Your sightless days -- Gardenias -- The worrying -- Readiness -- Half life -- Black Xmas -- The very same -- New Year's at Lawrence's grave -- Three rings -- Current status 1/22/87 -- The losing side -- Manifesto -- The house on Kings Road -- Last day at Molera Beach -- Dreaming of you.
|
| 520 |
|
|
|a An eighteen-poem cycle on the death of his lover from AIDS emphasizes the power of love and its survival through pain and anger, and the tragedy and magnitude of a terrifying twist of fate and its effect on a generation.
|
| 500 |
|
|
|a The Cushing Library/Women & Gender Studies copy was acquired as part of The Don Kelly Research Collection of Gay Literature and Culture.
|5 TXA
|
| 500 |
|
|
|a The Cushing Library/Women & Gender Studies copy is signed by the author.
|5 TXA
|
| 650 |
|
0 |
|a Gay men
|v Poetry.
|
| 650 |
|
0 |
|a AIDS (Disease)
|x Patients
|v Poetry.
|
| 650 |
|
6 |
|a Homosexuels masculins
|v Poésie.
|
| 650 |
|
6 |
|a Sidéens
|v Poésie.
|
| 650 |
|
7 |
|a AIDS (Disease)
|x Patients.
|2 fast
|0 (OCoLC)fst00793864
|
| 650 |
|
7 |
|a Gay men.
|2 fast
|0 (OCoLC)fst00939117
|
| 650 |
|
4 |
|a AIDS (Disease)
|v Poetry.
|
| 655 |
|
7 |
|a Poetry.
|2 fast
|0 (OCoLC)fst01423828
|
| 655 |
|
7 |
|a Gay poetry.
|2 lcgft
|
| 994 |
|
|
|a C0
|b TXA
|
| 948 |
|
|
|a updated
|b h
|c 2020/7/3
|d c
|e nbehmer
|f 12:04:00 pm
|
| 999 |
f |
f |
|s 2111adbe-17e1-3b92-b225-03f261950157
|i 126b6ce6-7e15-3990-9115-4975d095f840
|t 0
|
| 952 |
f |
f |
|p normal
|a Texas A&M University
|b College Station
|c Sterling C. Evans Library
|s Evans stk
|d Evans: Library Stacks
|t 0
|e PS3563.O523 L65 1988
|h Library of Congress classification
|i unmediated -- volume
|m A14811490265
|
| 998 |
f |
f |
|a PS3563.O523 L65 1988
|t 0
|l Evans: Library Stacks
|